Harmonic mappings and minimal immersions : lectures given at the 1st 1984 Session of the Centro Internationale Matematico Estivo (C.I.M.E.) held at Montecatini, Italy, June 24 - July 3, 1984

Αποθηκεύτηκε σε:
Λεπτομέρειες βιβλιογραφικής εγγραφής
Συγγραφή απο Οργανισμό/Αρχή: Centro internazionale matematico estivo
Άλλοι συγγραφείς: Giusti, Enrico (Επιμελητής έκδοσης)
Μορφή: Βιβλίο
Γλώσσα:English
Δημοσίευση: Berlin : Springer-Verlag, c1985.
Σειρά:Lecture notes in mathematics (Springer-Verlag) ; 1161
Θέματα:
Ετικέτες: Προσθήκη ετικέτας
Δεν υπάρχουν, Καταχωρήστε ετικέτα πρώτοι!

MARC

LEADER 00000cam a2200000 i 4500
001 1/63284
008 941103s1985 gw ||| | eng||
020 |a 354016040X 
035 |a 1993  |l 10046763 
040 |a GR-MyUA  |b gre  |e AACR2 
041 0 |a eng 
082 0 |a 514.7 
245 0 0 |a Harmonic mappings and minimal immersions :   |b lectures given at the 1st 1984 Session of the Centro Internationale Matematico Estivo (C.I.M.E.) held at Montecatini, Italy, June 24 - July 3, 1984 /   |c Edited by E. Giusti.  
260 |a Berlin :   |b Springer-Verlag,   |c c1985.  
300 |a 285 σ. ;   |c 24 εκ.  
490 1 |a (Lecture notes in mathematics (Springer-Verlag)   |v ; 1161) 
500 |a Περιέχει βιβλιογραφικές αναφορές.  
650 0 0 |a Harmonic maps  |x Congresses. 
650 0 0 |a Immersions (Mathematics)  |x Congresses. 
700 1 |a Giusti, Enrico,  |e edt 
710 2 |a Centro internazionale matematico estivo. 
830 0 |a Lecture notes in mathematics (Springer-Verlag)  |v  ; 1161 
852 |a INST  |b SAMOS  |e 19941103  |h 514.7 HAR  |p 005300008179  |q 005300008179  |t BK  |y 0 
909 |a Σ  |b 029018